| 000 | 00459nam a2200157 i 4500 | ||
|---|---|---|---|
| 001 | 41658 | ||
| 003 | ES-MaACL | ||
| 005 | 20230906160453.0 | ||
| 007 | t| | ||
| 008 | 030311s1954 uy ||||1| spa d | ||
| 100 | 1 |
_aCastellanos, Elina. _936522 |
|
| 245 | 1 | 0 |
_aPoesías _b: [selección hasta el año 1952] / _cElina Castellanos. |
| 260 |
_aMontevideo : _bA. Monteverde, _c[1954] |
||
| 300 |
_a77 p., 5 lám. ; _c23 cm. |
||
| 852 |
_aES-MaACL _jC-11736 _bR.39764 |
||
| 999 |
_c41658 _d41658 |
||